[Event "Alcorcon Diagonal op 1st"]
[Site "Alcorcon"]
[Date "2022.02.12"]
[Round "5"]
[White "Sosa Ysalguez, Juan Luis"]
[Black "Diaz Roncero Gonzalez, Daniel"]
[Result "1/2-1/2"]
[WhiteElo "1528"]
[BlackElo "1719"]
[PlyCount "80"]
[EventDate "2022.01.15"]
[EventType "swiss"]
[EventRounds "7"]
[EventCountry "ESP"]
[SourceTitle "EXT 2023"]
[Source "ChessBase"]
[SourceDate "2022.10.05"]
[SourceVersion "1"]
[SourceVersionDate "2022.10.05"]
[SourceQuality "1"]

1. e4 e5 2. Nf3 Nc6 3. Bc4 Bc5 4. c3 Nf6 5. d4 exd4 6. cxd4 Bb4+ 7. Nc3 Nxe4 8. 0-0 Bxc3 9. d5 Ne5 10. bxc3 Nxc4 11. Qd4 0-0 12. Qxc4 Nd6 13. Qf4 b6 14. Ba3 Bb7 15. c4 Re8 16. Rfe1 Ba6 17. Rxe8+ Nxe8 18. Re1 Qf6 19. Qe4 Nd6 20. Bxd6 Qxd6 21. Ng5 g6 22. Qf3 Rf8 23. Ne4 Qb4 24. Rd1 Qxc4 25. Nf6+ Kg7 26. Nxd7 Re8 27. Qf6+ Kg8 28. Ne5 Rxe5 29. Qxe5 Bb7 30. h3 b5 31. Qe3 a5 32. Qd3 Qc5 33. Qd4 Qd6 34. Re1 Qd8 35. Qc5 Qxd5 36. Re8+ Kg7 37. Qc3+ Kh6 38. Qe3+ Kg7 39. Qc3+ Kh6 40. Qe3+ Kg7 1/2-1/2